| 000 | 00374nam a2200157 a 4500 | ||
|---|---|---|---|
| 005 | 20140414093840.0 | ||
| 008 | 071003s19uu xx 00 eng d | ||
| 050 |
_aVCD 790 _bJOA |
||
| 245 | _aJoan of Arc. | ||
| 260 |
_aSl : _bColumbia Pictures, _cc2000. |
||
| 300 | _a3 videodisks | ||
| 650 | _aFilm. | ||
| 650 | _aFilm adaptations. | ||
| 942 | _cAVM | ||
| 999 |
_c109250 _d109250 |
||